000 00377pab a2200157 454500
008 180718b2014 xxu||||| |||| 00| 0 eng d
100 _aDutta, Ropak Kumar
245 _aCombating corruption proactively and holistically
260 _c2014
300 _ap.90-94.
362 _aJan-Mar
650 _aCorruption
773 _aCBI Bulletin
908 _aN
909 _a104334
999 _c104330
_d104330